000
00346nam a2200157Ia 4500
005
20250425161507.0
008
250425s9999 xx 000 0 und d
041
_a
eng
082
_a
621.56
245
0
_a
PRINCIPLES OF REFRIGERATION
250
_a
S.E.
260
_a
S.L.
260
_a
Sin Pais
_b
WILE
_c
1978
942
_c
01
010
_a
21546
999
_c
210370
_d
210370